मानव-शारीर-रचना / (Record no. 122343)
[ view plain ]
| 000 -LEADER | |
|---|---|
| fixed length control field | 01113nam a22002537a 4500 |
| 010 ## - LIBRARY OF CONGRESS CONTROL NUMBER | |
| LC control number | A-396566 |
| 020 ## - INTERNATIONAL STANDARD BOOK NUMBER | |
| Terms of availability | 00.00 |
| 035 ## - SYSTEM CONTROL NUMBER | |
| System control number | A-396566 |
| 037 ## - SOURCE OF ACQUISITION | |
| Stock number | Cen Lib / Ret |
| 040 ## - CATALOGING SOURCE | |
| Original cataloging agency | DPL |
| Language of cataloging | HN |
| 082 ## - DEWEY DECIMAL CLASSIFICATION NUMBER | |
| Classification number | 611 |
| Item number | वर्मामु |
| 100 ## - MAIN ENTRY--PERSONAL NAME | |
| Personal name | वर्मा, मुकुन्दस्वरूप |
| 245 ## - TITLE STATEMENT | |
| Title | मानव-शारीर-रचना / |
| Remainder of title | मुकुन्दस्वरूप वर्मा ; सम्पादक रमेशचन्द्र गर्ग |
| 246 ## - VARYING FORM OF TITLE | |
| Title proper/short title | Manav Sharir rachana / |
| Remainder of title | by Mukundswarup Verma ; edited by RameshChander Garg |
| 260 ## - PUBLICATION, DISTRIBUTION, ETC. (IMPRINT) | |
| Place of publication, distribution, etc | दिल्ली |
| Name of publisher, distributor, etc | मोतीलाल बनारसीदास |
| 270 ## - ADDRESS | |
| City | दिल्ली |
| Address | बंगलों रोड, जवाहरनगर |
| Postal code | 110007 |
| 300 ## - PHYSICAL DESCRIPTION | |
| Extent | v 3. 1114-1859p. |
| Other physical details | 22cm. |
| 650 ## - SUBJECT ADDED ENTRY--TOPICAL TERM | |
| Topical term or geographic name as entry element | मानव शारीर रचना |
| 650 ## - SUBJECT ADDED ENTRY--TOPICAL TERM | |
| Topical term or geographic name as entry element | The human body composition |
| 650 ## - SUBJECT ADDED ENTRY--TOPICAL TERM | |
| Topical term or geographic name as entry element | मानव शारीर |
| 650 ## - SUBJECT ADDED ENTRY--TOPICAL TERM | |
| Topical term or geographic name as entry element | human body |
| 700 ## - ADDED ENTRY--PERSONAL NAME | |
| Personal name | गर्ग, रमेशचन्द्र |
| 942 ## - ADDED ENTRY ELEMENTS (KOHA) | |
| Source of classification or shelving scheme | Dewey Decimal Classification |
| Koha item type | Hindi Books |
| Classification part | 611 |
| Call number suffix | वर्मामु |
| Withdrawn status | Lost status | Materials specified (bound volume or other part) | Damaged status | Not for loan | Collection code | Home library | Current library | Date acquired | Source of acquisition | Cost, normal purchase price | Total Checkouts | Full call number | Barcode | Date last seen | Cost, replacement price | Price effective from | Koha item type |
|---|---|---|---|---|---|---|---|---|---|---|---|---|---|---|---|---|---|
| v.3 | Not For Loan | Reference | Central Library | Central Library | 15/03/2016 | Cen Lib/Ret | 0.00 | 611 वर्मामु | A-396566 | 15/03/2016 | 0.00 | 15/03/2016 | Hindi Books |
